[Event "I Festival del Fermano A"]
[Site "Fermo ITA"]
[Date "2010.08.23"]
[Round "3"]
[White "Meijers, Viesturs"]
[Black "Popa, Claudiu"]
[WhiteElo "2474"]
[BlackElo "2211"]
[Result "1-0"]
[PlyCount "97"]
[EventDate "2010.08.21"]

1. c4 e6 2. e3 d5 3. b3 Nf6 4. Bb2 Be7 5. Nf3 O-O 6. g3 Nbd7 7. Bg2 Ne4 8. O-O
Bf6 9. d4 c6 10. Ne5 Qc7 11. Nxd7 Bxd7 12. Bxe4 dxe4 13. Nc3 Be7 14. Nxe4 f5
15. Nc3 Rad8 16. Qc2 Be8 17. Rad1 Bh5 18. f3 Bg5 19. Qc1 Rfe8 20. Kg2 Bf7 21.
Ne2 Qb6 22. h4 Bf6 23. Nf4 a5 24. Rd3 Rd7 25. Rfd1 a4 26. e4 axb3 27. e5 Bd8
28. axb3 h6 29. d5 cxd5 30. cxd5 exd5 31. Ba1 Qc6 32. Qb2 Be6 33. b4 b5 34. Rc1
Qb7 35. Qb3 Bb6 36. Nxe6 Rxe6 37. Rcd1 Kh7 38. Rxd5 Rxd5 39. Qxd5 Qc6 40. Qd3
g6 41. h5 Qe8 42. hxg6+ Kxg6 43. g4 Qf7 44. Rh1 Rc6 45. gxf5+ Kh7 46. e6 Qg8+
47. Kh3 Qd8 48. Qxd8 Bxd8 49. Rd1 1-0

[Event "I Festival del Fermano A"]
[Site "Fermo ITA"]
[Date "2010.08.23"]
[Round "3"]
[White "Mogranzini, Roberto"]
[Black "Epishin, Vladimir V."]
[WhiteElo "2387"]
[BlackElo "2598"]
[Result "0-1"]
[PlyCount "116"]
[EventDate "2010.08.21"]

1. c4 Nf6 2. g3 c6 3. Bg2 d5 4. Nf3 Bg4 5. Ne5 Be6 6. cxd5 Bxd5 7. Nf3 g6 8.
Nc3 Bg7 9. Nxd5 cxd5 10. O-O Nc6 11. b4 a6 12. a3 O-O 13. Bb2 e6 14. d3 Qe7 15.
Qb3 Rfc8 16. Rac1 Nd7 17. Bxg7 Kxg7 18. e4 dxe4 19. dxe4 a5 20. bxa5 Nxa5 21.
Qb2+ Nf6 22. Ne5 Rxc1 23. Rxc1 Nc6 24. Nxc6 bxc6 25. Rxc6 Qxa3 26. Qxa3 Rxa3
27. h3 Ra1+ 28. Kh2 Re1 29. Rc4 g5 30. f3 h6 31. Rc5 Kg6 32. Ra5 Re2 33. Kg1
Nh5 34. Kh2 f5 35. exf5+ exf5 36. Ra6+ Kg7 37. Ra7+ Kf8 38. Ra8+ Ke7 39. Ra7+
Kf6 40. Ra6+ Re6 41. Rxe6+ Kxe6 42. g4 Ng7 43. h4 f4 44. hxg5 hxg5 45. Kg1 Kd5
46. Kf2 Kc4 47. Bf1+ Kc3 48. Ke1 Ne6 49. Ba6 Nd4 50. Bb7 Kd3 51. Kf2 Kd2 52.
Ba6 Nb3 53. Bc8 Nc5 54. Bf5 Nd3+ 55. Kf1 Ke3 56. Be4 Ne5 57. Kg2 Ke2 58. Bb7
Ng6 0-1

[Event "I Festival del Fermano A"]
[Site "Fermo ITA"]
[Date "2010.08.23"]
[Round "3"]
[White "Napoli, Nicolo'"]
[Black "Prohaszka, Peter"]
[WhiteElo "2357"]
[BlackElo "2526"]
[Result "0-1"]
[PlyCount "40"]
[EventDate "2010.08.21"]

1. e4 e5 2. Nf3 Nc6 3. d4 exd4 4. Nxd4 Bc5 5. Be3 Qf6 6. Nb5 Bxe3 7. fxe3 Qh4+
8. g3 Qd8 9. Qg4 g5 10. N1c3 d6 11. Qe2 Nge7 12. O-O-O Ne5 13. Qf2 a6 14. Qf6
N7g6 15. Nxc7+ Qxc7 16. Nd5 Qd8 17. Qg7 Be6 18. h4 Bxd5 19. Rxd5 Qb6 20. Bh3 g4
0-1

[Event "I Festival del Fermano A"]
[Site "Fermo ITA"]
[Date "2010.08.23"]
[Round "3"]
[White "Pap, Gyula"]
[Black "Vuelban, Virgilio"]
[WhiteElo "2508"]
[BlackElo "2358"]
[Result "1-0"]
[PlyCount "89"]
[EventDate "2010.08.21"]

1. d4 Nf6 2. c4 e6 3. Nc3 c5 4. d5 d6 5. e4 exd5 6. cxd5 g6 7. h3 Bg7 8. Nf3
O-O 9. Bd3 Nbd7 10. O-O a6 11. a4 Re8 12. Re1 Qe7 13. Bf4 Qf8 14. Bh2 Nh5 15.
Be2 Bh6 16. Bf1 f6 17. Rb1 Ne5 18. b4 b6 19. bxc5 bxc5 20. Rb6 Bf4 21. Bxf4
Nxf4 22. Re3 g5 23. Nxe5 fxe5 24. g3 Ng6 25. Qh5 Qe7 26. Rf3 Ra7 27. Nd1 Rf8
28. Rxf8+ Nxf8 29. Ne3 Qf6 30. Nc4 Rf7 31. Qe2 Rd7 32. Bg2 Qd8 33. a5 Qf6 34.
Qf3 Qe7 35. Rb8 Rd8 36. Rb6 Ng6 37. Qc3 Qf6 38. Nxd6 Rxd6 39. Qxc5 Rxb6 40.
Qxc8+ Nf8 41. axb6 Qxb6 42. Bf1 a5 43. Qc6 Qd8 44. d6 Kf7 45. Qc7+ 1-0

[Event "I Festival del Fermano A"]
[Site "Fermo ITA"]
[Date "2010.08.23"]
[Round "3"]
[White "Rebeggiani, Luca"]
[Black "Rinaudo, Sergio"]
[WhiteElo "2036"]
[BlackElo "2132"]
[Result "1-0"]
[PlyCount "73"]
[EventDate "2010.08.21"]

1. c4 e5 2. Nc3 Nf6 3. g3 Bb4 4. Bg2 O-O 5. e3 c6 6. Nge2 d6 7. O-O Na6 8. d4
Be6 9. d5 cxd5 10. cxd5 Bg4 11. Bd2 Rc8 12. h3 Bf5 13. e4 Bg6 14. Bg5 Rc4 15.
Qb3 Qc8 16. Bxf6 gxf6 17. a3 Bxc3 18. Nxc3 f5 19. Nb5 Rd8 20. Nxa7 Qc5 21. Qxb7
Nb8 22. b4 Qd4 23. Nc6 Nxc6 24. dxc6 fxe4 25. c7 Rf8 26. Rfd1 Qb2 27. Rab1 Qa2
28. Rbc1 Bf5 29. Rxc4 Qxc4 30. Rxd6 Qc1+ 31. Kh2 Qc2 32. Rd8 Kg7 33. Qb8 Qxf2
34. Rxf8 Bxh3 35. Rg8+ Kh6 36. Kxh3 Qf5+ 37. Rg4 1-0

[Event "I Festival del Fermano A"]
[Site "Fermo ITA"]
[Date "2010.08.23"]
[Round "3"]
[White "Tomini, Marco"]
[Black "Boscolo, Marco"]
[WhiteElo "2043"]
[BlackElo "2149"]
[Result "1/2-1/2"]
[PlyCount "69"]
[EventDate "2010.08.21"]

1. g3 Nf6 2. Bg2 e5 3. e3 d5 4. Ne2 Be7 5. O-O O-O 6. b3 c6 7. Bb2 Nbd7 8. d3
Qc7 9. Nd2 Re8 10. h3 a5 11. c4 a4 12. Rc1 dxc4 13. Nxc4 axb3 14. axb3 Bf8 15.
Ra1 Rxa1 16. Qxa1 Bb4 17. Rc1 c5 18. Qa7 Re6 19. Qa4 Nb6 20. Nxb6 Qxb6 21. Qa8
Re8 22. Qa1 Qe6 23. Qa2 Rd8 24. Bc3 Bxc3 25. Rxc3 Qd6 26. Qc2 b6 27. d4 exd4
28. exd4 Ba6 29. dxc5 bxc5 30. Bf3 Nd7 31. Nf4 Rb8 32. Nd5 Ne5 33. Bg2 Nd7 34.
Bf3 Ne5 35. Bg2 1/2-1/2

[Event "I Festival del Fermano A"]
[Site "Fermo ITA"]
[Date "2010.08.23"]
[Round "3"]
[White "Vezzosi, Paolo"]
[Black "Dervishi, Erald"]
[WhiteElo "2362"]
[BlackElo "2557"]
[Result "1/2-1/2"]
[PlyCount "79"]
[EventDate "2010.08.21"]

1. c4 e6 2. d4 Nf6 3. Nc3 d5 4. Bg5 Be7 5. e3 O-O 6. Nf3 Nbd7 7. Qc2 a6 8. cxd5
exd5 9. Bd3 h6 10. Bh4 b6 11. O-O Bb7 12. Rac1 c5 13. dxc5 bxc5 14. Rfd1 Nb6
15. Bf5 Ne8 16. Bxe7 Qxe7 17. Ne2 c4 18. Nfd4 Nf6 19. Nc3 g6 20. Bh3 Nbd7 21.
Bxd7 Nxd7 22. Nde2 Nf6 23. Rd4 Rad8 24. Rcd1 Rd7 25. h3 Kg7 26. Qa4 Qc5 27. b4
Qb6 28. a3 Bc6 29. Qc2 Re8 30. Nf4 Re5 31. Qb2 Kg8 32. Qc2 g5 33. Nfe2 h5 34.
Ng3 h4 35. Nf1 Rd6 36. Nd2 Rd7 37. Nf3 Re8 38. Nxg5 Qc7 39. Qf5 Qe5 40. Nf3
1/2-1/2

[Event "I Festival del Fermano A"]
[Site "Fermo ITA"]
[Date "2010.08.24"]
[Round "4"]
[White "Boscolo, Marco"]
[Black "Graziani, Claudio"]
[WhiteElo "2149"]
[BlackElo "2000"]
[Result "0-1"]
[PlyCount "96"]
[EventDate "2010.08.21"]

1. e4 c5 2. Nf3 d6 3. d4 cxd4 4. Nxd4 Nf6 5. Nc3 a6 6. Be2 e6 7. O-O Qc7 8. a4
Nc6 9. Be3 Be7 10. f4 O-O 11. Kh1 Re8 12. Nb3 b6 13. g4 Bb7 14. Bf3 Na5 15.
Nxa5 bxa5 16. g5 Nd7 17. Qe2 Rac8 18. Rad1 Nc5 19. f5 exf5 20. Nd5 Bxd5 21.
Rxd5 fxe4 22. Bg4 Qc6 23. Rdf5 Rf8 24. Qf2 f6 25. gxf6 Bxf6 26. Qg2 Bxb2 27.
Qh3 Qa8 28. c3 Nd7 29. Rxf8+ Rxf8 30. Bxd7 Bxc3 31. Qe6+ Kh8 32. Rxf8+ Qxf8 33.
Qxe4 Be5 34. Kg2 g6 35. Qc6 Kg7 36. Qxa6 Qe7 37. Qa7 Kf7 38. Qb7 Kf6 39. Qf3+
Kg7 40. Bc6 h5 41. Bd5 Qd7 42. Bd2 Bf6 43. Bc4 g5 44. Qxh5 Qc6+ 45. Kh3 Qxc4
46. Bxg5 Qb3+ 47. Kg4 Qxa4+ 48. Bf4 Qd1+ 0-1

[Event "I Festival del Fermano A"]
[Site "Fermo ITA"]
[Date "2010.08.24"]
[Round "4"]
[White "Certic, Branimir"]
[Black "Pap, Gyula"]
[WhiteElo "2421"]
[BlackElo "2508"]
[Result "1-0"]
[PlyCount "77"]
[EventDate "2010.08.21"]

1. d4 Nf6 2. Bf4 c5 3. dxc5 Na6 4. e3 Nxc5 5. Nd2 g6 6. Nb3 Bg7 7. Nxc5 Qa5+ 8.
c3 Qxc5 9. Qd4 Qa5 10. Qe5 Qd8 11. Bg3 O-O 12. Bd3 d6 13. Qb5 Bd7 14. Qxb7 Rb8
15. Qa6 Rxb2 16. Ne2 Ne4 17. Qa3 Nc5 18. Bc4 Qb6 19. O-O Rc8 20. Nf4 e6 21.
Rad1 Ne4 22. Bb3 Rd2 23. Rxd2 Nxd2 24. Rd1 Bxc3 25. Ne2 Bb4 26. Qb2 Ne4 27. Bf4
d5 28. Be5 Bb5 29. Ng3 Nxg3 30. hxg3 Bf8 31. Rc1 Rxc1+ 32. Qxc1 Qc6 33. Qb2 a5
34. Qd4 a4 35. Bd1 Bc4 36. Qh4 f5 37. Qf6 Bxa2 38. Bxa4 Qa6 39. Qh8+ 1-0

[Event "I Festival del Fermano A"]
[Site "Fermo ITA"]
[Date "2010.08.24"]
[Round "4"]
[White "Dervishi, Erald"]
[Black "Rebeggiani, Luca"]
[WhiteElo "2557"]
[BlackElo "2036"]
[Result "1/2-1/2"]
[PlyCount "112"]
[EventDate "2010.08.21"]

1. e4 c5 2. Nf3 Nc6 3. d4 cxd4 4. Nxd4 Nf6 5. Nc3 e5 6. Ndb5 d6 7. Bg5 a6 8.
Na3 b5 9. Nd5 Be7 10. Bxf6 Bxf6 11. c3 O-O 12. Nc2 Bg5 13. h4 Bh6 14. g4 Bf4
15. Qf3 Be6 16. Nxf4 Qf6 17. g5 Qxf4 18. Qxf4 exf4 19. Bg2 Ne5 20. Kd2 Nc4+ 21.
Kc1 Ne5 22. f3 d5 23. Nd4 dxe4 24. fxe4 Bg4 25. Kc2 f6 26. Bh3 fxg5 27. hxg5 f3
28. Raf1 Rf4 29. Bxg4 Rxg4 30. Nxf3 Rxe4 31. Nd4 Nc4 32. Rf2 Re5 33. Rg1 Rf8
34. Rxf8+ Kxf8 35. b3 Ne3+ 36. Kd3 Nd5 37. Nc6 Nf4+ 38. Kd4 Rxg5 39. Rf1 Rg4
40. Ne5 Rh4 41. Ke4 g5 42. Nf3 Rh5 43. c4 Ke7 44. cxb5 axb5 45. Kf5 Nd5 46.
Re1+ Kd6 47. Re6+ Kc5 48. Kg4 Rh1 49. Kxg5 Ra1 50. a4 bxa4 51. bxa4 Rxa4 52.
Rh6 Ra7 53. Ne5 Ra1 54. Rxh7 Rg1+ 55. Kf5 Rf1+ 56. Kg5 Rg1+ 1/2-1/2

[Event "I Festival del Fermano A"]
[Site "Fermo ITA"]
[Date "2010.08.24"]
[Round "4"]
[White "Epishin, Vladimir V."]
[Black "Meijers, Viesturs"]
[WhiteElo "2598"]
[BlackElo "2474"]
[Result "1/2-1/2"]
[PlyCount "96"]
[EventDate "2010.08.21"]

1. d4 Nf6 2. c4 e6 3. Nf3 d5 4. Bg5 Be7 5. Nbd2 Nbd7 6. Rc1 h6 7. Bh4 c5 8.
cxd5 Nxd5 9. Bxe7 Qxe7 10. e4 N5b6 11. dxc5 Nxc5 12. Qc2 Ncd7 13. e5 O-O 14.
Bd3 Nd5 15. Bh7+ Kh8 16. Be4 N7b6 17. Nc4 Nxc4 18. Qxc4 Bd7 19. O-O Rac8 20.
Qb3 Rxc1 21. Rxc1 Bc6 22. Re1 Nb4 23. h3 Rd8 24. a3 Bxe4 25. Rxe4 Nc6 26. Qe3
Rd5 27. Nd4 Nxd4 28. Rxd4 Qc5 29. Rxd5 Qxd5 30. Qxa7 Qxe5 31. Qxb7 Qe1+ 32. Kh2
Qxf2 33. Qb8+ Kh7 34. a4 Qe1 35. Qc7 f5 36. a5 f4 37. Qc2+ Kh8 38. Qc3 Qe2 39.
Qf3 Qxb2 40. a6 Qb6 41. Qb7 Qe3 42. Qb8+ Kh7 43. Qb1+ Kg8 44. Qb8+ Kh7 45. Qb1+
Kg8 46. Qb8+ Kh7 47. Qb1+ Kg8 48. Qb8+ Kh7 1/2-1/2

[Event "I Festival del Fermano A"]
[Site "Fermo ITA"]
[Date "2010.08.24"]
[Round "4"]
[White "Fierro Baquero, Martha Lorena"]
[Black "Raineri, Valerio"]
[WhiteElo "2372"]
[BlackElo "2114"]
[Result "1-0"]
[PlyCount "48"]
[EventDate "2010.08.21"]

1. e4 e5 2. Nf3 Nc6 3. Bb5 a6 4. Ba4 Nge7 5. Nc3 d6 6. O-O Bd7 7. d4 b5 8. Bb3
Nxd4 9. Nxd4 exd4 10. Qh5 Ng6 11. Nd5 c6 12. Bg5 Qc8 13. Rfe1 cxd5 14. exd5+
Ne5 15. f4 Bg4 16. Qh4 f6 17. fxe5 fxg5 18. exd6+ Kf7 19. Qf2+ Kg6 20. h3 Bf5
21. g4 Bd7 22. Re6+ Bxe6 23. dxe6 Bxd6 24. Qf7+ Kh6 1-0

[Event "I Festival del Fermano A"]
[Site "Fermo ITA"]
[Date "2010.08.24"]
[Round "4"]
[White "Martinez, Rolly"]
[Black "Cordova, Emilio"]
[WhiteElo "2429"]
[BlackElo "2560"]
[Result "1/2-1/2"]
[PlyCount "99"]
[EventDate "2010.08.21"]

1. e4 e6 2. d4 d5 3. Nd2 c5 4. Ngf3 Nf6 5. exd5 exd5 6. Bb5+ Bd7 7. Qe2+ Be7 8.
dxc5 O-O 9. O-O Re8 10. Bxd7 Nbxd7 11. Nb3 a5 12. a4 Nxc5 13. Qb5 b6 14. Bf4
Nxb3 15. Qxb3 Bc5 16. Rad1 Re4 17. Bg5 h6 18. Bxf6 Qxf6 19. Qxd5 Rae8 20. b3 g5
21. h3 Kg7 22. Rd3 Rf4 23. c3 Re2 24. Rd2 Re6 25. Qd8 Qxc3 26. Nxg5 Ref6 27.
Rd3 Bxf2+ 28. Kh1 Bd4 29. Rxc3 Rxf1+ 30. Kh2 Be5+ 31. Rg3 hxg5 32. Qd5 Bf4 33.
Qd4 Rb1 34. Qc3 Rc1 35. Qd4 Rc5 36. Qb2 Kg6 37. Qd4 Rff5 38. Qh8 Rfd5 39. h4
Bxg3+ 40. Kxg3 gxh4+ 41. Qxh4 Rg5+ 42. Kf2 Rc2+ 43. Ke3 Rcxg2 44. Qe4+ Kh6 45.
Qh4+ Kg7 46. Qd4+ f6 47. Qxb6 Kg6 48. Qb8 R2g3+ 49. Kf2 Rc3 50. Qg8+ 1/2-1/2

[Event "I Festival del Fermano A"]
[Site "Fermo ITA"]
[Date "2010.08.24"]
[Round "4"]
[White "Popa, Claudiu"]
[Black "Calella, Sergio"]
[WhiteElo "2211"]
[BlackElo "2040"]
[Result "1-0"]
[PlyCount "147"]
[EventDate "2010.08.21"]

1. e4 c5 2. c3 d5 3. exd5 Qxd5 4. d4 Nf6 5. Nf3 e6 6. Be3 Nc6 7. Be2 cxd4 8.
cxd4 Be7 9. O-O O-O 10. Nc3 Qd6 11. a3 b6 12. Nb5 Qd8 13. Ne5 Bb7 14. Rc1 Nxe5
15. dxe5 Nd5 16. Bd2 a6 17. Nc3 Rc8 18. Nxd5 Qxd5 19. Bf3 Qd7 20. Be3 Qxd1 21.
Rfxd1 Bxf3 22. gxf3 b5 23. Rd7 Rxc1+ 24. Bxc1 Rc8 25. Be3 Bf8 26. Ra7 h5 27.
Rxa6 Rb8 28. Ra7 g6 29. Kf1 Bg7 30. f4 g5 31. Ke2 b4 32. a4 Rc8 33. Kd3 gxf4
34. Bd4 Bf8 35. a5 Bc5 36. Bxc5 Rxc5 37. a6 Rxe5 38. Ra8+ Kg7 39. a7 Ra5 40.
Kc4 Ra2 41. Kb3 Ra1 42. Kxb4 e5 43. Kc3 Kf6 44. b4 e4 45. Re8 Rxa7 46. Rxe4
Ra3+ 47. Kc4 Kf5 48. Re2 Kg4 49. b5 Kh3 50. b6 f3 51. Re5 Ra8 52. Rxh5+ Kg2 53.
Rf5 Kxf2 54. Rxf7 Kg2 55. Kc5 Ra1 56. b7 Rb1 57. Kc6 f2 58. h4 f1=Q 59. Rxf1
Kxf1 60. h5 Rc1+ 61. Kb6 Rb1+ 62. Ka7 Ra1+ 63. Kb8 Kg2 64. h6 Rh1 65. Kc7 Rc1+
66. Kd6 Rd1+ 67. Kc5 Rc1+ 68. Kd5 Rd1+ 69. Ke5 Re1+ 70. Kf6 Rf1+ 71. Kg6 Rb1
72. h7 Rb6+ 73. Kf5 Rxb7 74. h8=Q 1-0

[Event "I Festival del Fermano A"]
[Site "Fermo ITA"]
[Date "2010.08.24"]
[Round "4"]
[White "Salvador, Roland"]
[Black "David, Alberto"]
[WhiteElo "2498"]
[BlackElo "2622"]
[Result "1-0"]
[PlyCount "79"]
[EventDate "2010.08.21"]

1. c4 e6 2. Nf3 Nf6 3. g3 d5 4. Bg2 dxc4 5. Na3 Bxa3 6. bxa3 O-O 7. Qc2 b5 8.
Ng5 c6 9. Bb2 Re8 10. O-O e5 11. f4 e4 12. Nxe4 Nxe4 13. Bxe4 h6 14. f5 f6 15.
d3 Qe7 16. Rf4 Ba6 17. Qd2 Nd7 18. Rg4 Ne5 19. Bxe5 Qxe5 20. Rf1 Kh7 21. Kg2
Rad8 22. Rff4 cxd3 23. exd3 c5 24. Qc1 Qe7 25. Rg6 Bb7 26. Rh4 Bxe4+ 27. dxe4
Qf8 28. Qf4 Rd7 29. Qg4 Kh8 30. Qh5 Re5 31. Qe2 c4 32. Qe3 Rc7 33. g4 c3 34. g5
fxg5 35. Qd4 Rcc5 36. Rh3 c2 37. f6 c1=Q 38. fxg7+ Qxg7 39. Qd8+ Kh7 40. Rhxh6+
1-0

[Event "I Festival del Fermano A"]
[Site "Fermo ITA"]
[Date "2010.08.24"]
[Round "4"]
[White "Spornberger, Maximilian"]
[Black "Napoli, Nicolo'"]
[WhiteElo "2073"]
[BlackElo "2357"]
[Result "1-0"]
[PlyCount "75"]
[EventDate "2010.08.21"]

1. e4 c6 2. d4 d5 3. exd5 cxd5 4. Bd3 g6 5. Nf3 Nh6 6. O-O Nc6 7. c3 Bf5 8. Re1
Bg7 9. Bxh6 Bxh6 10. Bxf5 gxf5 11. Nh4 Qb6 12. Nxf5 Bf4 13. Qf3 Qc7 14. g3 Rg8
15. Qxd5 e6 16. Qf3 O-O-O 17. Ne3 Rg6 18. Ng2 Bd6 19. Nd2 e5 20. d5 Nb8 21. Ne4
Bf8 22. Qf5+ Qd7 23. Qxd7+ Rxd7 24. c4 Rc7 25. Ne3 h5 26. Rac1 h4 27. a3 a5 28.
Red1 Bh6 29. c5 Kd8 30. Rc3 hxg3 31. hxg3 Bxe3 32. Rxe3 Na6 33. d6 Rc6 34. Rf3
Rg4 35. Re1 Rg7 36. b4 axb4 37. axb4 Nxb4 38. Rb1 1-0

[Event "I Festival del Fermano A"]
[Site "Fermo ITA"]
[Date "2010.08.24"]
[Round "4"]
[White "Vezzosi, Paolo"]
[Black "Leon Hoyos, Manuel"]
[WhiteElo "2362"]
[BlackElo "2556"]
[Result "1-0"]
[PlyCount "113"]
[EventDate "2010.08.21"]

1. c4 g6 2. Nc3 Bg7 3. d4 c5 4. d5 Nf6 5. e4 d6 6. Nf3 O-O 7. Be2 e6 8. O-O
exd5 9. cxd5 Bg4 10. Bf4 a6 11. a4 Re8 12. Nd2 Bxe2 13. Qxe2 Nh5 14. Be3 Nd7
15. g4 Nhf6 16. h3 Rb8 17. a5 Qc7 18. Bf4 Ne5 19. Bh2 Re7 20. f4 Ned7 21. f5
Ne8 22. g5 gxf5 23. Rxf5 Bd4+ 24. Kh1 Ng7 25. Rff1 Rbe8 26. h4 f5 27. h5 fxe4
28. h6 Ne6 29. dxe6 Rxe6 30. Rf5 Qc6 31. Nc4 e3+ 32. Qg2 Ne5 33. Nxe5 Bxe5 34.
Qxc6 bxc6 35. Bxe5 Rxe5 36. Rxe5 Rxe5 37. Kg2 d5 38. Kf3 Rxg5 39. Kxe3 Kf7 40.
Na4 c4 41. Kd4 Rh5 42. Kc5 Rxh6 43. Kb6 Rh3 44. Kxc6 d4 45. Kc5 c3 46. bxc3
dxc3 47. Rc1 h5 48. Kb6 h4 49. Kxa6 Ke6 50. Nxc3 Re3 51. Kb5 h3 52. a6 Kf5 53.
a7 Re8 54. Rc2 Kg4 55. Ne4 Kf4 56. Rh2 Rh8 57. Rxh3 1-0

[Event "I Festival del Fermano A"]
[Site "Fermo ITA"]
[Date "2010.08.25"]
[Round "5"]
[White "Bernardi, Ruben"]
[Black "Iasman, Inna"]
[WhiteElo "2212"]
[BlackElo "1973"]
[Result "1-0"]
[PlyCount "57"]
[EventDate "2010.08.21"]

1. e4 c6 2. d4 d5 3. f3 e6 4. Nc3 Bb4 5. a3 Bxc3+ 6. bxc3 dxe4 7. Qe2 exf3 8.
Nxf3 Nd7 9. Qf2 Ne7 10. Bd3 Ng6 11. h4 f5 12. h5 Ne7 13. Qg3 Rg8 14. Bc4 Nf6
15. Ng5 Ned5 16. Nxh7 Nxh7 17. Qg6+ Kf8 18. Qxh7 Qf6 19. Bxd5 exd5 20. h6 g6
21. Bf4 Qf7 22. Qxf7+ Kxf7 23. h7 Rh8 24. Be5 Be6 25. Kd2 g5 26. Rh6 Rae8 27.
Rah1 Bd7 28. Rf6+ Ke7 29. Rg6 1-0

[Event "I Festival del Fermano A"]
[Site "Fermo ITA"]
[Date "2010.08.25"]
[Round "5"]
[White "Bonagura, Stefano"]
[Black "Martinez, Rolly"]
[WhiteElo "2130"]
[BlackElo "2429"]
[Result "1/2-1/2"]
[PlyCount "147"]
[EventDate "2010.08.21"]

1. c4 Nf6 2. g3 g6 3. Nc3 Bg7 4. Bg2 d6 5. d4 O-O 6. Nf3 Nc6 7. O-O a6 8. Re1
Rb8 9. Nh4 Nd7 10. e3 e5 11. Nd5 Re8 12. dxe5 Ndxe5 13. Qc2 Na5 14. b3 c6 15.
Nc3 g5 16. Nf5 Bxf5 17. Qxf5 Nexc4 18. Ne4 Re5 19. Qh3 g4 20. Qxg4 f5 21. Qh3
fxe4 22. bxc4 Nxc4 23. Qg4 d5 24. h4 h5 25. Qe2 Rf5 26. Rb1 Ne5 27. Bh3 Qf8 28.
Ba3 Qf6 29. Bb2 Nf3+ 30. Qxf3 Rxf3 31. Bxf6 Rxf6 32. Rb6 Rbf8 33. Re2 Rb8 34.
Reb2 Rf7 35. Rb1 Rc7 36. Rxa6 Kf7 37. Rab6 Bf8 38. Rc1 Ra8 39. Rc2 Ra5 40. Rcb2
Ra7 41. Rc2 Kf6 42. Bf1 Ra5 43. Rcb2 Ke5 44. Rxb7 Rxb7 45. Rxb7 Rxa2 46. Rh7 c5
47. Rxh5+ Kd6 48. Rf5 Bg7 49. h5 c4 50. h6 Bb2 51. h7 Ra7 52. Rh5 Bh8 53. f3 c3
54. Rh2 Rb7 55. fxe4 dxe4 56. Rc2 Rb1 57. Ra2 Rb2 58. Ra8 c2 59. Rxh8 c1=Q 60.
Rd8+ Ke7 61. Re8+ Kd7 62. Rd8+ Kc7 63. Rc8+ Kxc8 64. h8=Q+ Kb7 65. Qh7+ Kb8 66.
Qxe4 Qd2 67. Qe5+ Kb7 68. Qe4+ Kc7 69. Qe5+ Kd8 70. Qf6+ Kc7 71. Qe5+ Kb7 72.
Qe4+ Kb8 73. Qe5+ Ka7 74. Qc5+ 1/2-1/2

[Event "I Festival del Fermano A"]
[Site "Fermo ITA"]
[Date "2010.08.25"]
[Round "5"]
[White "Certic, Branimir"]
[Black "Salvador, Roland"]
[WhiteElo "2421"]
[BlackElo "2498"]
[Result "1/2-1/2"]
[PlyCount "100"]
[EventDate "2010.08.21"]

1. d4 d5 2. Bf4 Bg4 3. c3 Nf6 4. Nd2 Nbd7 5. Ngf3 e6 6. h3 Bh5 7. Qb3 Bd6 8.
Ne5 Bxe5 9. dxe5 Nc5 10. Qa3 Nfd7 11. b4 Ne4 12. Nxe4 dxe4 13. g4 Bg6 14. e3
O-O 15. Rd1 Qe7 16. Qa5 Nb6 17. c4 Rad8 18. Rxd8 Rxd8 19. Be2 a6 20. h4 h6 21.
h5 Bh7 22. Bg3 Rd3 23. Bh4 Qd7 24. Qc5 Rd2 25. Qe7 Rxa2 26. Qxd7 Nxd7 27. O-O
Nxe5 28. Bg3 Nd3 29. Bxd3 exd3 30. f3 d2 31. e4 Rc2 32. Bf4 f5 33. exf5 exf5
34. g5 Rxc4 35. Bxd2 hxg5 36. Bxg5 Rxb4 37. Rd1 f4 38. Rd8+ Kf7 39. Rd7+ Ke6
40. Rxc7 Bb1 41. Rxg7 a5 42. h6 a4 43. Re7+ Kd5 44. h7 Bxh7 45. Rxh7 a3 46. Bf6
b5 47. Ra7 Rb1+ 48. Kg2 b4 49. Kh3 Rg1 50. Ra4 Rg3+ 1/2-1/2

[Event "I Festival del Fermano A"]
[Site "Fermo ITA"]
[Date "2010.08.25"]
[Round "5"]
[White "Cordova, Emilio"]
[Black "Calavalle, Giulio"]
[WhiteElo "2560"]
[BlackElo "2201"]
[Result "0-1"]
[PlyCount "96"]
[EventDate "2010.08.21"]

1. d4 c5 2. e3 d5 3. Nf3 Nf6 4. c4 e6 5. Bd3 a6 6. O-O Nc6 7. Re1 dxc4 8. Bxc4
b5 9. Bf1 Bb7 10. a4 b4 11. b3 cxd4 12. exd4 Nd5 13. Bb2 g5 14. Nbd2 Nc3 15.
Bxc3 bxc3 16. Ne4 g4 17. d5 gxf3 18. Qxf3 Nd4 19. Qf4 f5 20. Nxc3 Bg7 21. Rad1
O-O 22. dxe6 Qf6 23. Bc4 Kh8 24. e7 Rfe8 25. Qc7 Nf3+ 26. gxf3 Qg6+ 27. Qg3
Bxc3 28. Qxg6 hxg6 29. Re3 Bb4 30. Bf7 Kg7 31. Bxe8 Rxe8 32. Rd8 Kf7 33. Rxe8
Kxe8 34. Re6 a5 35. Rxg6 Bxf3 36. h4 Kxe7 37. Rg3 Bh5 38. Rg5 Bd1 39. h5 Kf6
40. f4 Bf8 41. Rg6+ Kf7 42. Ra6 Bb4 43. h6 Kg8 44. Kf2 Bxb3 45. Ke3 Bxa4 46.
Kd4 Kh7 47. Ke5 Bc2 48. Rc6 Be4 0-1

[Event "I Festival del Fermano A"]
[Site "Fermo ITA"]
[Date "2010.08.25"]
[Round "5"]
[White "David, Alberto"]
[Black "Vezzosi, Paolo"]
[WhiteElo "2622"]
[BlackElo "2362"]
[Result "0-1"]
[PlyCount "70"]
[EventDate "2010.08.21"]

1. d4 f5 2. Nc3 d5 3. Bf4 c6 4. e3 Nf6 5. Bd3 e6 6. Nf3 Bd6 7. Ne2 O-O 8. O-O
Ne4 9. c4 g5 10. Bxd6 Nxd6 11. Qc2 Nd7 12. b4 dxc4 13. Bxc4 Nb6 14. Bd3 Nd5 15.
a3 a5 16. bxa5 Rxa5 17. Ne5 Qe7 18. Qd2 Ra7 19. a4 Bd7 20. a5 Rfa8 21. f3 Be8
22. e4 Nc7 23. h4 gxh4 24. Qb4 Ncb5 25. Nf4 b6 26. a6 fxe4 27. fxe4 Nf7 28. Qe1
Nxd4 29. Ng4 Qg5 30. Nh5 Kh8 31. Nhf6 c5 32. e5 Bc6 33. Ra3 Nh6 34. Be2 Nc2 35.
Qc3 Nxa3 0-1

[Event "I Festival del Fermano A"]
[Site "Fermo ITA"]
[Date "2010.08.25"]
[Round "5"]
[White "Graziani, Claudio"]
[Black "Popa, Claudiu"]
[WhiteElo "2000"]
[BlackElo "2211"]
[Result "0-1"]
[PlyCount "196"]
[EventDate "2010.08.21"]

1. e4 e5 2. Nf3 Nc6 3. d4 exd4 4. Nxd4 Nf6 5. Nc3 Bb4 6. Nxc6 bxc6 7. Bd3 O-O
8. Bg5 h6 9. Bh4 Re8 10. O-O d5 11. exd5 Bxc3 12. bxc3 cxd5 13. Bb5 Re6 14. f4
c6 15. Bd3 Ba6 16. f5 Bxd3 17. cxd3 Re8 18. Rb1 Qd6 19. Qf3 Re7 20. Bg3 Qa3 21.
d4 Ne4 22. f6 Nxf6 23. Be5 Ne4 24. Qg4 Rxe5 25. dxe5 Qc5+ 26. Kh1 Nf2+ 27. Rxf2
Qxf2 28. e6 Re8 29. exf7+ Qxf7 30. h3 Qf6 31. Qd7 Re7 32. Qc8+ Kh7 33. Rc1 Re2
34. c4 d4 35. Qg4 Rxa2 36. c5 d3 37. Rd1 d2 38. Qc4 Rb2 39. Qd3+ Kh8 40. Rxd2
Rxd2 41. Qxd2 Qa1+ 42. Kh2 Qe5+ 43. g3 Qxc5 44. Qd8+ Kh7 45. Qd3+ Kg8 46. h4
Qd5 47. Qa6 c5 48. Qxa7 c4 49. Qb8+ Kh7 50. Qb1+ Qd3 51. Qb5 Qc2+ 52. Kh3 c3
53. Qd5 Qb1 54. Kg2 Qb2+ 55. Kh3 Qc2 56. h5 Qb1 57. Kg2 Qb2+ 58. Kh3 Qc2 59. g4
Qb1 60. Kg2 Qb4 61. Qf5+ Kg8 62. Qc8+ Kf7 63. Qd7+ Kf6 64. Qf5+ Ke7 65. Qe5+
Kd8 66. Qd5+ Kc7 67. Qf7+ Kb6 68. Qxg7 Qe4+ 69. Kg3 Qe3+ 70. Kg2 Qd2+ 71. Kf3
c2 72. Qf6+ Kc5 73. Qe7+ Kc4 74. Qc7+ Kb3 75. Qb6+ Qb4 76. Qe6+ Kb2 77. Qe2
Qc3+ 78. Kg2 Qc6+ 79. Kh2 Qd6+ 80. Kh3 Kb1 81. Qe4 Kb2 82. Qe2 Qd4 83. Qb5+ Kc1
84. Qf1+ Kd2 85. Qg2+ Kd3 86. Qf1+ Kc3 87. Qa1+ Kd3 88. Qf1+ Kd2 89. Qg2+ Kc3
90. Qc6+ Kd3 91. Qg6+ Kd2 92. Qxh6+ Qe3+ 93. Qxe3+ Kxe3 94. Kh4 Kf4 95. h6 c1=Q
96. Kh5 Qc6 97. g5 Kf5 98. Kh4 Qf3 0-1

[Event "I Festival del Fermano A"]
[Site "Fermo ITA"]
[Date "2010.08.25"]
[Round "5"]
[White "Leon Hoyos, Manuel"]
[Black "Maksimovic, Miodrag"]
[WhiteElo "2556"]
[BlackElo "2073"]
[Result "1-0"]
[PlyCount "91"]
[EventDate "2010.08.21"]

1. e4 Nf6 2. e5 Nd5 3. d4 d6 4. c4 Nb6 5. exd6 exd6 6. Bd3 Nc6 7. Ne2 Bg4 8. f3
Bh5 9. O-O Be7 10. Nbc3 O-O 11. b3 Bf6 12. Be3 Bg6 13. Qd2 d5 14. c5 Nc8 15.
Bxg6 hxg6 16. f4 Qd7 17. h3 b6 18. Rad1 Nd8 19. g4 Re8 20. Kg2 c6 21. Ng1 Be7
22. Nf3 Ne6 23. b4 a5 24. a3 axb4 25. axb4 bxc5 26. bxc5 Nf8 27. Bf2 Bd8 28.
Qc2 Ne7 29. Na4 Qa7 30. Ra1 Bc7 31. Bg3 Ne6 32. Qc1 g5 33. f5 Nf4+ 34. Bxf4
Bxf4 35. Qb2 Qc7 36. Rfe1 Kf8 37. Nb6 Rab8 38. Ne5 Kg8 39. Qc2 f6 40. Ned7 Rbd8
41. Qe2 Ng6 42. Qxe8+ Rxe8 43. Rxe8+ Kf7 44. Rc8 Qb7 45. fxg6+ Kxg6 46. Rca8
1-0